01147nam2a22002051 4500001001000000005001700010035002600027100004100053101000800094102000700102105001800109200001000127210001800137215001200155333003100167461068100198801001800879801002200897852002200919rc\69773320250621222747.0 a(NLR Aleph) 005954606 a20031121d1986 |||y0rusy50 ca0 arus aRU ay |||||||||0 aЧ. 4 d1986aБ. м. a207 с. aДСП. Экз. № 002056 01001rc\69772912001#$aСборник руководящих и методических материалов по научно-технической информации и пропаганде в бытовом обслуживании населения$fМ-во быт. обслуживания населения РСФСР$vЧ. 4cМ.d1985fМ-во быт. обслуживания населения РСФСРnЦБНТИtСборник руководящих и методических материалов по научно-технической информации и пропаганде в бытовом обслуживании населенияvЧ. 4 0aRUbNLRgpsbo 1aRUbELAR2rusmarc aNLRj86-50К/7583